| 000 | 01055nam a22003377a 4500 | ||
|---|---|---|---|
| 001 | 000012465 | ||
| 003 | CHAP | ||
| 005 | 20220329133836.0 | ||
| 008 | 971013s1987 r 00010 d | ||
| 010 | _a11666 | ||
| 011 | _a12638 | ||
| 020 | _a9688800341 | ||
| 035 | _a15859 | ||
| 040 | _cCHAP | ||
| 082 |
_a512.897 _bF5Y |
||
| 100 | 0 | 0 |
_aFlorey, Francis G. _941816 |
| 245 | 0 | _aFundamentos de álgebra lineal y aplicaciones. | |
| 260 |
_aMéxico, D. F. : _bPrentice-Hall Hispanoamericana, _c1987. |
||
| 300 |
_a366 p. _e+ 31 p. |
||
| 590 |
_aBATCH-UPD _b10 _c20130110 _lUCH01 _h0836 |
||
| 590 |
_aBATCH-UPD _b10 _c20130410 _lUCH01 _h0514 |
||
| 590 |
_aBATCH-UPD _b10 _c20130914 _lUCH01 _h1612 |
||
| 590 |
_aCONVERSION _b10 _c20130109 _lUCH01 _h1308 |
||
| 590 |
_aE792CSJ _b10 _c20131009 _lUCH01 _h1048 |
||
| 650 | 1 | 4 |
_aÁlgebra lineal. _982392 |
| 901 | _aBK | ||
| 942 | _cLIBRO | ||
| 942 | _n0 | ||
| 949 |
_a512.897 F5Y _bBC _cLIBRO _d33724000580015 _eLIBRO _h71698 _i15859 _si |
||
| 949 |
_a512.897 F5Y _bBC _cLIBRO _d33724002014322 _eLIBRO _fc.2 _h79379 _i15859 _so |
||
| 999 |
_c11666 _d11666 |
||